Missing Word: War Misconceptions Quiz Stats

 Plays Quiz Updated Sep 4, 2019

Score 0/20 Timer 08:00
0 Plays Today
Misconception Missing Word % Correct
Enlisting in the ___ Force means becoming a pilot.Air
94.8%
The United ______ won the War of 1812.States
94.2%
Soldiers are very efficient at ______ people on the other side.killing
93.4%
The Crusades were fought for monetary gain, not ________ beliefs.religious
93.3%
The ________ Years' War lasted 100 years.Hundred
93.1%
The Viet Cong was based in North _______.Vietnam
92.9%
The Americans were united against the _______ in the Revolutionary War.British
92.8%
The French _________ was brought on by the masses.Revolution
92.8%
The Nazis committed war ______ while the world condemned them.crimes
92.4%
Soldiers with muskets stood ____ by ____ in a line waiting for their turn to die.side
92.1%
Misconception Missing Word % Correct
The Greeks won the ______ of Thermopylae.Battle
91.9%
The machine ___ was the biggest danger in World War I.gun
90.7%
Black men fought for the __________ in the American Civil War.Confederacy
90.2%
The atomic bombings forced Japan to _________ in World War II.surrender
89.5%
The atomic bombings in Hiroshima and ________ were the deadliest bombings in World War II.Nagasaki
88.9%
The WWII ______ powers consisted of the US, the UK, the Soviets, and France.Allied
87.5%
World War I was almost universally trench _______.warfare
85.9%
Battles are ______ until everyone on one side is dead.fought
85.3%
The world ____ were individual, unified ____.wars
69.8%
The ______ tried to fight German tanks with men on horses.Polish
55.5%

Today's Daily Dose

Missing Word
Sherlocks

Word Ladder
King of the Hill

Quick Pick
Songs in Pink

Get the Picture
NBA Teammates

You're not logged in!

Compare scores with friends on all Sporcle quizzes.
OR
Log In

Sporcle TV

Today on Sporcle TV


Watch our educational content, quiz creation guides, and fun videos on Sporcle TV.

Show Comments

Extras

Top Quizzes Today


Score Distribution

Your Account Isn't Verified!

In order to create a playlist on Sporcle, you need to verify the email address you used during registration. Go to your Sporcle Settings to finish the process.

Report this User

Report this user for behavior that violates our Community Guidelines.

Details: